Tables Charts And Graphics (Record no. 300697)
[ view plain ]
| 000 -LEADER | |
|---|---|
| fixed length control field | 00394nam a2200157Ia 4500 |
| 008 - FIXED-LENGTH DATA ELEMENTS--GENERAL INFORMATION | |
| fixed length control field | 230718s9999 xx 000 0 und d |
| 041 ## - LANGUAGE CODE | |
| Language code of text/sound track or separate title | eng |
| 082 ## - DEWEY DECIMAL CLASSIFICATION NUMBER | |
| Classification number | 658 |
| Item number | ETH |
| 100 ## - MAIN ENTRY--PERSONAL NAME | |
| Personal name | Etherington S |
| 9 (RLIN) | 109682 |
| 245 ## - TITLE STATEMENT | |
| Title | Tables Charts And Graphics |
| 260 ## - PUBLICATION, DISTRIBUTION, ETC. (IMPRINT) | |
| Date of publication, distribution, etc. | 2000 |
| Name of publisher, distributor, etc. | Dk |
| 300 ## - PHYSICAL DESCRIPTION | |
| Extent | 72 |
| 365 ## - TRADE PRICE | |
| Currency code | Rs. |
| Price amount | 215.00 |
| 700 ## - ADDED ENTRY--PERSONAL NAME | |
| Personal name | Etherington S. |
| 9 (RLIN) | 109682 |
| 906 ## - LOCAL DATA ELEMENT F, LDF (RLIN) | |
| d | B:599110-Oct-2000 |
| c | MGMT |
| b | 32.25 |
| Withdrawn status | Lost status | Damaged status | Not for loan | Home library | Current library | Date acquired | Vendor | Budget Code | Cost, normal purchase price | Bill number | Total Checkouts | Full call number | Barcode | Date last seen | Discount | Cost, replacement price | Bill Date | Koha item type | Original Barcode |
|---|---|---|---|---|---|---|---|---|---|---|---|---|---|---|---|---|---|---|---|
| Cummins College of Engineering for Women Pune | Cummins College of Engineering for Women Pune | 10/10/2000 | Technical Book Services | MGMT | 182.75 | 5991 | 658 | CCEP-BK-11903 | 18/07/2023 | 32.25 | 215.00 | 10/10/2000 | Books | 011903 |